| 000 | 01292cam a22002295a 4500 | ||
|---|---|---|---|
| 001 | L140951 | ||
| 008 | 071022s2005 xxk df 000 0 eng d | ||
| 035 | _a(Sirsi) u140951 | ||
| 041 | 0 | _aeng | |
| 050 | 0 | 4 | _a388.11 $2 18 |
| 100 | 1 | _aMcGill, Greg | |
| 245 | 0 | 4 | _aThe impact of the London congestion charge on businesses and the property market |
| 260 |
_aLondon _bRICS _c2005 |
||
| 300 | _a70p. $3 1cm. | ||
| 520 | _aIn terms of the property market, the research considers the effect of the London congestion charge scheme on property values, location and lease arrangements. The research reveals that capital values have not been significantly affected, although when leases have been re-negotiated they have been shorter and the retail sector has seen a slight fall in rents. There has been a mixed response to the congestion charge from businesses, with the commercial and professional sectors generally supporting the scheme, whereas the retail and leisure sectors have expressed much more concern. | ||
| 650 | 2 | 4 | _aLONDON CONGESTION CHARGE ZONE |
| 651 | 4 | _aLondon | |
| 690 | _aPROPERTY-COMMERCIAL PROPERTY-COMMERCIAL PROPERTY MARKET | ||
| 690 | _aPROPERTY-INFRASTRUCTURE-ROAD INFRASTRUCTURE | ||
| 710 | 2 |
_aRoyal Institution of Chartered Surveyors _94900 |
|
| 942 |
_n0 _2ddc |
||
| 999 |
_c107580 _d107580 |
||